Vista normal
Vista MARC
Entrada Topical Term
Número de registros utilizados en: 1
001 - CONTROL NUMBER
- control field: 44074
003 - CONTROL NUMBER IDENTIFIER
- control field: OSt
005 - DATE AND TIME OF LATEST TRANSACTION
- control field: 20250213081851.0
008 - FIXED-LENGTH DATA ELEMENTS
- fixed length control field: 250213|| aca||aabn | a|a d
040 ## - CATALOGING SOURCE
- Original cataloging agency: OSt
- Transcribing agency: OSt
150 ## - HEADING--TOPICAL TERM
- Topical term or geographic name entry element: Mitología griega
- Form subdivision: Poesías
670 ## - SOURCE DATA FOUND
- Source citation: Work cat.: (OSt)30948: Navarro Durán, Rosa, 1947- 44072, La Ilíada contada a los niños / , 2017.